[Event "Cesenatico Open 2019"]
[Site "Cesenatico"]
[Date "2019.09.07"]
[Round "8"]
[White "Guerini, Silvia jr"]
[Black "Mrdja, Milan"]
[Result "0-1"]
[WhiteElo "1974"]
[BlackElo "2279"]
[Annotator "ChessBase"]
[PlyCount "132"]
[EventDate "2019.09.01"]
[EventType "swiss"]
[EventCountry "ITA"]
[SourceTitle "playchess.com"]
[Source "ChessBase"]
[SourceQuality "1"]
[TimeControl "40/6000:900"]

1. e4 {[%emt 0:00:00]} c5 {[%emt 0:18:00]} 2. Nf3 {[%emt 0:00:00]} d6 {[%emt 0:00:00]} 3. d4 {[%emt 0:00:00]} cxd4 {[%emt 0:00:00]} 4. Nxd4 {[%emt 0:00:00]} Nf6 {[%emt 0:00:00]} 5. Nc3 {[%emt 0:00:00]} e6 {[%emt 0:00:00]} 6. Be2 Be7 {[%emt 0:00:00]} 7. O-O {[%emt 0:00:00]} O-O {[%emt 0:00:00]} 8. Be3 a6 {[%emt 0:10:00]} 9. f4 {[%emt 0:00:00]} Nbd7 {[%emt 0:00:00]} 10. Qe1 {[%emt 0:00:00]} Qc7 {[%emt 0:10:00]} 11. Kh1 {[%emt 0:08:00]} Kh8 {[%emt 0:00:00]} 12. Qg3 {[%emt 0:05:00]} g6 {[%emt 0:34:00]} 13. Rae1 {[%emt 0:15:00]} b5 {[%emt 0:02:00]} 14. a3 {[%emt 0:00:00]} Bb7 {[%emt 0:00:00]} 15. Bd3 {[%emt 0:54:28]} Nc5 {[%emt 0:08:28]} 16. Bd2 {[%emt 0:00:00]} Rac8 {[%emt 0:01:43]} 17. Nf3 {[%emt 0:00:00]} Nxd3 {[%emt 0:00:16]} 18. cxd3 {[%emt 0:00:00]} Qd7 19. Ng5 {[%emt 0:00:00]} Nh5 {[%emt 0:11:30]} 20. Qh3 f5 {[%emt 0:00:00]} 21. exf5 {[%emt 0:00:00]} exf5 {[%emt 0:00:00]} 22. Re2 {[%emt 0:01:06]} Bf6 {[%emt 0:00:00]} 23. Rfe1 {[%emt 0:11:45]} Rfe8 {[%emt 0:00:00]} 24. d4 {[%emt 0:00:00]} Rxe2 {[%emt 0:00:00]} 25. Rxe2 {[%emt 0:00:00]} Re8 {[%emt 0:01:52]} 26. Qd3 {[%emt 0:02:48]} Kg8 {[%emt 0:00:18]} 27. Rxe8+ {[%emt 0:00:00]} Qxe8 {[%emt 0:00:00]} 28. d5 {[%emt 0:00:00]} Ng7 {[%emt 0:00:00]} 29. h3 {[%emt 0:00:00]} h6 {[%emt 0:00:00]} 30. Nf3 {[%emt 0:00:00]} Qf7 {[%emt 0:00:00]} 31. Nd4 {[%emt 0:00:00]} Bxd5 {[%emt 0:00:00]} 32. Nxf5 {[%emt 0:00:00]} Bxg2+ {[%emt 0:00:00]} 33. Kxg2 {[%emt 0:00:00]} Nxf5 {[%emt 0:00:00]} 34. b4 {[%emt 0:00:00]} Qb3 {[%emt 0:00:10]} 35. Qd5+ {[%emt 0:00:00]} Qxd5+ {[%emt 0:00:00]} 36. Nxd5 {[%emt 0:00:06]} Bd8 {[%emt 0:00:05]} 37. Bc3 {[%emt 0:00:09]} Kf7 {[%emt 0:00:00]} 38. Kf3 {[%emt 0:00:00]} Ke6 {[%emt 0:00:00]} 39. Ke4 {[%emt 0:00:58]} Ng3+ {[%emt 0:00:00]} 40. Kd4 {[%emt 0:00:00]} Nf5+ {[%emt 0:00:00]} 41. Ke4 {[%emt 0:00:00]} Ne7 {[%emt 0:00:00]} 42. Ne3 {[%emt 0:01:40]} Bb6 {[%emt 0:06:26]} 43. Ng2 {[%emt 0:03:48]} Nf5 {[%emt 0:00:00]} 44. Ne1 {[%emt 0:00:00]} d5+ {[%emt 0:00:00]} 45. Kd3 {[%emt 0:01:38]} Nd6 {[%emt 0:03:05]} 46. Bg7 {[%emt 0:01:27]} Nf5 {[%emt 0:00:00]} 47. Bc3 {[%emt 0:00:00]} Be3 {[%emt 0:00:00]} 48. Bd2 {[%emt 0:00:00]} Bd4 {[%emt 0:00:46]} 49. Bc3 {[%emt 0:00:46]} Bb6 {[%emt 0:00:00]} 50. Nf3 {[%emt 0:04:26]} Bf2 {[%emt 0:04:26]} 51. Be1 {[%emt 0:00:00]} Bxe1 {[%emt 0:00:00]} 52. Nxe1 {[%emt 0:00:00]} Nd6 {[%emt 0:00:00]} 53. Nf3 {[%emt 0:00:00]} Nc4 {[%emt 0:00:00]} 54. Nd4+ {[%emt 0:00:00]} Kf6 {[%emt 0:00:00]} 55. Nc2 {[%emt 0:00:00]} Kf5 {[%emt 0:00:00]} 56. Kd4 {[%emt 0:00:00]} Kxf4 {[%emt 0:00:00]} 57. Kxd5 {[%emt 0:00:00]} Ne3+ {[%emt 0:00:00]} 58. Nxe3 {[%emt 0:00:00]} Kxe3 {[%emt 0:00:00]} 59. Kc5 {[%emt 0:00:00]} g5 {[%emt 0:00:00]} 60. Kb6 {[%emt 0:00:00]} h5 {[%emt 0:00:00]} 61. Kxa6 {[%emt 0:00:00]} g4 {[%emt 0:00:00]} 62. hxg4 {[%emt 0:00:00]} hxg4 {[%emt 0:00:00]} 63. Kxb5 {[%emt 0:00:00]} g3 {[%emt 0:00:00]} 64. a4 {[%emt 0:00:00]} g2 {[%emt 0:00:00]} 65. a5 {[%emt 0:00:00]} g1=Q {[%emt 0:00:00]} 66. a6 {[%emt 0:00:00]} Kd3 {[%emt 0:00:00]} 0-1

[Event "Cesenatico Open 2019"]
[Site "Cesenatico"]
[Date "2019.09.09"]
[Round "9"]
[White "Genocchio, Daniele"]
[Black "Damia, Angelo"]
[Result "0-1"]
[WhiteElo "2354"]
[BlackElo "2240"]
[Annotator "TA"]
[PlyCount "86"]
[EventDate "2019.09.01"]
[EventType "swiss"]
[EventCountry "ITA"]
[SourceTitle "playchess.com"]
[Source "ChessBase"]
[SourceQuality "1"]

{[%evp 13,86,51,72,69,71,20,31,22,27,2,7,25,15,3,18,0,-5,-52,69,60,60,54,65,-56,0,-109,-101,-97,-120,-211,-227,-257,-256,-234,-43,-285,-253,-135,-372,-335,-339,-328,-241,-235,-258,-260,-243,-247,-237,-314,-300,-350,-327,-355,-350,-380,-295,-303,-295,-697,-601,-706,-665,-728,-731,-658,-606,-539,-483,-856,-694,-1706,-1598,-1700,-1677]} 1. e4 Nc6 2. Nf3 Nf6 3. e5 Nd5 4. d4 d6 5. c4 Nb6 6. e6 fxe6 7. Nc3 g6 8. h4 {B04: Alekhine's Defence: 4 Nf3} Bg7 9. h5 (9. Be3 $16) (9. Be3 e5 10. d5 Nd4 11. Nxd4 exd4 12. Bxd4 Bxd4 13. Qxd4 e5 14. dxe6 O-O 15. h5 Qf6 16. Qxf6 Rxf6 {1-0 (51) Petrik,T (2470)-Petenyi,T (2450) Banska Stiavnica 2018}) 9... e5 $1 $11 {[%cal Re5d4]} 10. d5 {White is slightly better.} Nd4 11. hxg6 hxg6 12. Rxh8+ Bxh8 13. Bd3 c6 14. Bxg6+ (14. a4 {is more complex.} a5 15. Be3 Bf5 16. Bxf5 gxf5 17. Bxd4 exd4 18. Nxd4 Kd7 19. Qd3) 14... Kd7 15. c5 Nxd5 $146 ({Better is} 15... Qg8 $15 16. dxc6+ bxc6) ({Predecessor:} 15... dxc5 16. dxc6+ Kxc6 {1-0 (38) Van der Merwe,C (2043)-Bejatovic,B (1978) Istanbul 2012}) 16. Nxd5 $14 cxd5 17. Nxd4 exd4 18. Bf7 (18. Qa4+ $14 Kc7 19. Qa5+ Kd7 20. Qb5+ Kc7 21. Bf4 $1 {[%mdl 512]} (21. Qa5+ Kd7 $11)) 18... e6 (18... dxc5 $15 19. Bxd5 Kc7) 19. Qa4+ (19. cxd6 $11 {remains equal.} Qh4 20. Qf3) 19... Ke7 $17 20. Bg5+ Bf6 21. Bxf6+ (21. cxd6+ $17 Kxf7 22. Bxf6 Qxf6 23. d7 Qe5+ 24. Kf1) 21... Kxf6 $19 22. Bh5 dxc5 23. Qa3 c4 $2 (23... b6 $19 {Strongly threatening ...Qh8.} 24. b4 Qc7 25. Qf3+ Ke7) 24. Qf3+ $2 {[#]} ({White should play} 24. Kf1 $15) 24... Ke7 $1 25. Qf7+ (25. O-O-O $142 d3 26. Re1) 25... Kd6 26. O-O-O Qg5+ 27. f4 Qf5 ({Weaker is} 27... Qxg2 28. Qf8+ Kc7 29. Qc5+ Kd7 30. Qxd4 $15) 28. Qxf5 exf5 29. Rxd4 {[%mdl 4096] Endgame KRB-KRB} Kc5 30. Rd1 Bd7 31. Re1 Rg8 32. Bf3 Re8 33. Rh1 d4 34. Bxb7 Bc6 35. Bxc6 Kxc6 {KR-KR} 36. Kd2 $2 (36. Rg1) 36... Rg8 {Black is clearly winning.} 37. Rg1 Rg3 38. Ke2 Kd5 39. Kf2 Rd3 40. Ke2 Re3+ 41. Kf2 (41. Kd2 $142 Rg3 42. Ke2) 41... Re4 42. Kf3 d3 43. Rh1 Kd4 {Accuracy: White = 25%, Black = 69%.} 0-1

[Event "Cesenatico Open 2019"]
[Site "Cesenatico"]
[Date "2019.09.09"]
[Round "9"]
[White "Dragojlovic, Andjelko"]
[Black "Dobboletta, Alex"]
[Result "1-0"]
[WhiteElo "2293"]
[BlackElo "2176"]
[Annotator "ChessBase"]
[PlyCount "63"]
[EventDate "2019.09.01"]
[EventType "swiss"]
[EventCountry "ITA"]
[SourceTitle "playchess.com"]
[Source "ChessBase"]
[SourceQuality "1"]
[TimeControl "40/6000:900"]

1. e4 {[%emt 0:05:00]} c5 {[%emt 0:10:00]} 2. Nf3 {[%emt 0:00:00]} d6 {[%emt 0:00:00]} 3. d4 {[%emt 0:01:00]} cxd4 {[%emt 0:00:00]} 4. Qxd4 {[%emt 0:00:00]} Nc6 {[%emt 0:03:00]} 5. Bb5 {[%emt 0:00:00]} Bd7 {[%emt 0:04:00]} 6. Bxc6 {[%emt 0:11:00]} Bxc6 {[%emt 0:00:00]} 7. Nc3 {[%emt 0:00:00]} e6 {[%emt 0:04:00]} 8. Bg5 {[%emt 0:00:00]} Nf6 {[%emt 0:04:00]} 9. O-O-O {[%emt 0:00:00]} Be7 10. Rhe1 {[%emt 0:00:00]} Qb6 {[%emt 0:17:00]} 11. Qxb6 {[%emt 0:00:00]} axb6 12. a3 {[%emt 0:00:00]} h6 {[%emt 0:07:00]} 13. Bh4 Rd8 {[%emt 0:00:00]} 14. Nd4 {[%emt 0:09:00]} d5 {[%emt 0:18:00]} 15. e5 Nd7 {[%emt 0:00:00]} 16. Bxe7 {[%emt 0:02:00]} Kxe7 17. f4 {[%emt 0:00:00]} g6 {[%emt 0:01:00]} 18. b4 {[%emt 0:03:00]} b5 {[%emt 0:00:00]} 19. a4 {[%emt 0:02:00]} Nb6 {[%emt 0:02:00]} 20. a5 {[%emt 0:00:00]} Nc4 {[%emt 0:00:00]} 21. Rd3 {[%emt 0:08:00]} h5 {[%emt 0:07:00]} 22. Ncxb5 {[%emt 0:36:00]} Bxb5 {[%emt 0:00:00]} 23. Nxb5 {[%emt 0:00:00]} Ra8 {[%emt 0:01:00]} 24. Na3 {[%emt 0:00:00]} Nxa3 {[%emt 0:01:00]} 25. Rxa3 {[%emt 0:00:00]} b6 {[%emt 0:00:00]} 26. Ree3 {[%emt 0:00:00]} bxa5 {[%emt 0:00:00]} 27. bxa5 {[%emt 0:00:00]} Rhc8 {[%emt 0:00:00]} 28. Reb3 {[%emt 0:00:00]} Rc7 {[%emt 0:01:49]} 29. a6 {[%emt 0:00:00]} Kd7 {[%emt 0:01:28]} 30. Kd2 {[%emt 0:00:00]} Rca7 {[%emt 0:00:00]} 31. Rb6 {[%emt 0:00:00]} Kc7 {[%emt 0:03:07]} 32. Rd6 {[%emt 0:00:00]} 1-0

[Event "Cesenatico Open 2019"]
[Site "Cesenatico"]
[Date "2019.09.09"]
[Round "9"]
[White "Loiacono, Leonardo"]
[Black "Di Trapani, Davide"]
[Result "1-0"]
[WhiteElo "2293"]
[BlackElo "2181"]
[Annotator "TA"]
[PlyCount "59"]
[EventDate "2019.09.01"]
[EventType "swiss"]
[EventCountry "ITA"]
[SourceTitle "playchess.com"]
[Source "ChessBase"]
[SourceQuality "1"]

{[%evp 20,59,40,33,47,34,54,51,64,5,17,13,0,0,27,0,0,0,0,0,32,0,0,0,36,59,90,104,203,208,202,177,188,209,194,168,667,647,1551,1494,29990,29991]} 1. d4 Nf6 2. c4 c5 3. d5 e6 4. Nc3 exd5 5. cxd5 d6 6. e4 g6 7. Bd3 Bg7 8. Nge2 O-O 9. O-O a6 10. a4 Nbd7 11. Ng3 h5 {A65: Modern Benoni: 6 e4} (11... Rb8 12. f4 Re8 13. Qf3 h5 14. h3 h4 15. Nge2 Re7 16. Be3 Qe8 17. Bf2 b5 18. axb5 axb5 19. e5 dxe5 20. Bxb5 exf4 21. Nxf4 Rxb5 22. Nxb5 {0-1 (54) Romanov,E (2577)-Gabuzyan,H (2578) Golden Sands 2015}) 12. h3 Re8 13. Bg5 Qc7 {White is slightly better.} 14. Qc1 $146 ({White should play} 14. Bc2 $14) ({Predecessor:} 14. Bc2 Nh7 15. Bh4 Ne5 16. Kh1 Qa5 17. f4 Nc4 18. e5 Ne3 19. Qe2 Nxf1 20. Rxf1 dxe5 {1-0 (32) David Bordier,C (2313)-Van der Plas,R (2320) ICCF email 2016}) 14... Rb8 $11 15. a5 c4 16. Bc2 Nc5 17. Kh1 b5 {And now ...b4 would win.} 18. axb6 $1 Rxb6 19. Ra2 Bd7 20. f4 Nh7 21. Bh4 Bh6 22. Qd1 Reb8 23. f5 Be8 {[#]} (23... Bf8 $16) 24. Nxh5 $1 $18 Rxb2 25. Rxb2 Rxb2 {[#]} 26. Nf6+ $1 Nxf6 27. Bxf6 Nd3 $2 (27... Nd7 28. Bd4 Qd8) 28. Bxd3 Rd2 29. Qg4 cxd3 30. Qh4 {Accuracy: White = 66%, Black = 38%.} 1-0

[Event "Cesenatico Open 2019"]
[Site "Cesenatico"]
[Date "2019.09.09"]
[Round "9"]
[White "Mrdja, Milan"]
[Black "Djuric, Stefan"]
[Result "1/2-1/2"]
[WhiteElo "2279"]
[BlackElo "2358"]
[Annotator "TA"]
[PlyCount "37"]
[EventDate "2019.09.01"]
[EventType "swiss"]
[EventCountry "ITA"]
[SourceTitle "playchess.com"]
[Source "ChessBase"]
[SourceQuality "1"]

{[%evp 20,23,35,27,59,55]} 1. Nf3 Nf6 2. g3 g6 3. Bg2 Bg7 4. O-O O-O 5. c4 c5 6. Nc3 Nc6 7. d4 cxd4 8. Nxd4 Nxd4 9. Qxd4 d6 10. Rd1 Ng4 11. Qd2 Be6 {A39: Symmetrical English vs ...g6: 4 Bg2 Bg7 5 Nf3 Nf6 6 0-0 0-0 7 d4} 12. b3 (12. h3 Ne5 13. b3 h5 14. f4 Nc6 15. Bb2 Qc8 16. Kh2 h4 17. gxh4 Kh7 18. Ne4 f6 19. Ng3 {1-0 (42) Erikson,R (2283)-Ebosse,K (2060) Batumi 2018}) {Predecessor:} 12... Qb6 $146 13. e3 Qb4 14. Bb2 Ne5 15. Nd5 Qxd2 16. Nxe7+ Kh8 17. Rxd2 Rfe8 18. Nd5 Rac8 19. Rad1 {1-0 (43) Pham,T-Nguyen Thi Le,H Dong Thap 1999} 1/2-1/2

[Event "Cesenatico Open 2019"]
[Site "Cesenatico"]
[Date "2019.09.09"]
[Round "9"]
[White "Dittmar, Peter"]
[Black "Voltolini, Giuseppe"]
[Result "1-0"]
[WhiteElo "2259"]
[BlackElo "2115"]
[Annotator "ChessBase"]
[PlyCount "137"]
[EventDate "2019.09.01"]
[EventType "swiss"]
[EventCountry "ITA"]
[SourceTitle "playchess.com"]
[Source "ChessBase"]
[SourceQuality "1"]
[TimeControl "40/6000:900"]

1. d4 {[%emt 0:01:00]} Nf6 {[%emt 0:00:00]} 2. c4 {[%emt 0:00:00]} e6 {[%emt 0:00:00]} 3. Nc3 {[%emt 0:00:00]} d5 {[%emt 0:01:00]} 4. cxd5 {[%emt 0:00:00]} exd5 {[%emt 0:00:00]} 5. Bg5 {[%emt 0:00:00]} Be7 {[%emt 0:00:00]} 6. e3 c6 {[%emt 0:00:00]} 7. Qc2 {[%emt 0:00:00]} Nbd7 {[%emt 0:03:00]} 8. Bd3 O-O {[%emt 0:02:00]} 9. Nf3 {[%emt 0:02:00]} Re8 {[%emt 0:02:00]} 10. O-O {[%emt 0:00:00]} Nf8 {[%emt 0:03:00]} 11. h3 {[%emt 0:00:00]} Nh5 {[%emt 0:00:00]} 12. Bxe7 {[%emt 0:02:00]} Qxe7 {[%emt 0:05:00]} 13. Rab1 {[%emt 0:05:00]} a5 {[%emt 0:00:00]} 14. a3 {[%emt 0:00:00]} Nf6 {[%emt 0:00:00]} 15. b4 {[%emt 0:13:00]} axb4 {[%emt 0:07:00]} 16. axb4 {[%emt 0:00:00]} N8d7 {[%emt 0:03:00]} 17. b5 {[%emt 0:00:00]} c5 {[%emt 0:04:00]} 18. dxc5 {[%emt 0:00:00]} Nxc5 {[%emt 0:00:00]} 19. Rfd1 {[%emt 0:01:00]} Be6 {[%emt 0:00:00]} 20. Nd4 {[%emt 0:05:00]} Rec8 {[%emt 0:00:00]} 21. Qb2 {[%emt 0:00:00]} Nxd3 {[%emt 0:09:00]} 22. Rxd3 Qc5 {[%emt 0:00:00]} 23. Nce2 {[%emt 0:02:00]} h6 {[%emt 0:03:00]} 24. Rc3 {[%emt 0:05:00]} Qb6 {[%emt 0:03:00]} 25. Rxc8+ {[%emt 0:06:00]} Rxc8 26. Rc1 {[%emt 0:00:00]} Rc5 {[%emt 0:13:00]} 27. Ra1 {[%emt 0:26:00]} Rc8 {[%emt 0:10:00]} 28. Qa3 {[%emt 0:00:00]} Ne4 {[%emt 0:05:00]} 29. Nf4 {[%emt 0:00:00]} Qd6 {[%emt 0:15:45]} 30. Qxd6 {[%emt 0:00:00]} Nxd6 {[%emt 0:00:00]} 31. Nfxe6 {[%emt 0:00:00]} fxe6 {[%emt 0:00:00]} 32. Nxe6 {[%emt 0:21:10]} Nxb5 {[%emt 0:00:25]} 33. Rb1 {[%emt 0:00:00]} Nd6 {[%emt 0:02:02]} 34. Rd1 {[%emt 0:00:00]} Ne4 {[%emt 0:00:00]} 35. Rxd5 {[%emt 0:00:00]} Rc6 36. Nd8 {[%emt 0:00:00]} Rc1+ {[%emt 0:06:46]} 37. Kh2 Nxf2 {[%emt 0:00:00]} 38. Nxb7 {[%emt 0:00:00]} Ne4 {[%emt 0:00:00]} 39. Rd4 {[%emt 0:00:00]} Nf6 {[%emt 0:00:00]} 40. Nd6 {[%emt 0:10:18]} Kf8 {[%emt 0:01:30]} 41. Rc4 {[%emt 0:00:00]} Rxc4 {[%emt 0:03:05]} 42. Nxc4 {[%emt 0:00:00]} Ke7 {[%emt 0:00:00]} 43. Kg3 {[%emt 0:00:00]} Ke6 44. Kf4 {[%emt 0:00:00]} g5+ {[%emt 0:00:00]} 45. Kf3 Kd5 {[%emt 0:00:00]} 46. Nd2 {[%emt 0:00:00]} Ke5 {[%emt 0:00:00]} 47. g4 {[%emt 0:00:00]} Kd5 {[%emt 0:00:00]} 48. Nf1 Ke6 49. Ng3 {[%emt 0:00:00]} Ke5 {[%emt 0:00:00]} 50. Ke2 {[%emt 0:00:00]} Nd5 {[%emt 0:05:58]} 51. Kf3 {[%emt 0:00:00]} Nf6 {[%emt 0:00:00]} 52. Nf1 {[%emt 0:00:00]} Kd5 {[%emt 0:00:00]} 53. Nd2 {[%emt 0:09:17]} Ke5 {[%emt 0:00:00]} 54. Ke2 {[%emt 0:00:00]} Nd5 {[%emt 0:00:00]} 55. Nc4+ {[%emt 0:00:00]} Ke6 56. Kf3 {[%emt 0:00:00]} Nf6 {[%emt 0:00:00]} 57. e4 {[%emt 0:00:00]} Nd7 {[%emt 0:02:41]} 58. Ke3 {[%emt 0:02:08]} Nf6 {[%emt 0:00:00]} 59. Nd2 {[%emt 0:00:00]} Nd7 {[%emt 0:00:00]} 60. Nf3 {[%emt 0:00:00]} Nf6 {[%emt 0:00:00]} 61. Kd4 {[%emt 0:00:00]} Nd7 {[%emt 0:00:00]} 62. e5 {[%emt 0:00:00]} Nf8 {[%emt 0:00:00]} 63. Ke4 {[%emt 0:00:00]} Ng6 {[%emt 0:02:29]} 64. Nd4+ {[%emt 0:00:00]} Kf7 65. Kd5 {[%emt 0:00:00]} Nf4+ {[%emt 0:00:00]} 66. Kd6 Nxh3 {[%emt 0:00:00]} 67. e6+ {[%emt 0:00:00]} Ke8 68. Nf5 {[%emt 0:00:00]} Nf2 {[%emt 0:00:00]} 69. Ng7+ 1-0

[Event "Cesenatico Open 2019"]
[Site "Cesenatico"]
[Date "2019.09.09"]
[Round "9"]
[White "Medici, Simone"]
[Black "Stromboli, Carlo"]
[Result "1-0"]
[WhiteElo "2201"]
[BlackElo "2270"]
[Annotator "ChessBase"]
[PlyCount "87"]
[EventDate "2019.09.01"]
[EventType "swiss"]
[EventCountry "ITA"]
[SourceTitle "playchess.com"]
[Source "ChessBase"]
[SourceQuality "1"]
[TimeControl "40/6000:900"]

1. d4 {[%emt 0:00:00]} Nf6 {[%emt 0:09:00]} 2. c4 {[%emt 0:00:00]} e6 {[%emt 0:00:00]} 3. Nf3 {[%emt 0:00:00]} d5 {[%emt 0:01:00]} 4. Nc3 {[%emt 0:00:00]} a6 5. cxd5 {[%emt 0:03:00]} exd5 {[%emt 0:03:00]} 6. Bf4 {[%emt 0:16:00]} Bd6 {[%emt 0:06:00]} 7. Bg3 {[%emt 0:00:00]} O-O {[%emt 0:02:00]} 8. e3 c5 {[%emt 0:06:00]} 9. Bxd6 {[%emt 0:00:00]} Qxd6 {[%emt 0:03:00]} 10. dxc5 {[%emt 0:00:00]} Qxc5 {[%emt 0:00:00]} 11. Qd4 {[%emt 0:00:00]} Qa5 12. Be2 {[%emt 0:03:00]} Nc6 {[%emt 0:08:00]} 13. Qd2 {[%emt 0:19:00]} Rd8 {[%emt 0:03:00]} 14. Nd4 {[%emt 0:00:00]} Bg4 {[%emt 0:09:00]} 15. Bxg4 {[%emt 0:00:00]} Nxg4 {[%emt 0:00:00]} 16. Rd1 {[%emt 0:03:00]} Qc7 {[%emt 0:03:00]} 17. Qe2 {[%emt 0:09:00]} Nf6 {[%emt 0:00:00]} 18. O-O {[%emt 0:01:00]} Ne5 {[%emt 0:31:15]} 19. h3 {[%emt 0:01:00]} Rac8 {[%emt 0:02:28]} 20. Nf5 Kf8 {[%emt 0:04:42]} 21. Qd2 {[%emt 0:11:00]} Qd7 {[%emt 0:00:00]} 22. Ng3 {[%emt 0:00:00]} Kg8 {[%emt 0:06:43]} 23. b3 Qc7 {[%emt 0:00:00]} 24. Rc1 {[%emt 0:10:00]} Qd7 {[%emt 0:00:00]} 25. Rfd1 {[%emt 0:00:00]} Rc6 {[%emt 0:01:13]} 26. Qd4 {[%emt 0:01:00]} Qe6 27. e4 {[%emt 0:01:00]} Rcd6 {[%emt 0:00:00]} 28. exd5 Nc6 {[%emt 0:00:00]} 29. Qb6 {[%emt 0:11:34]} Nxd5 30. Nxd5 {[%emt 0:01:20]} Rxd5 {[%emt 0:00:00]} 31. Rxd5 {[%emt 0:00:00]} Rxd5 {[%emt 0:00:00]} 32. Qxb7 {[%emt 0:00:00]} Nd8 33. Qa8 {[%emt 0:02:56]} g6 {[%emt 0:00:00]} 34. Rc8 Qd6 {[%emt 0:00:00]} 35. Qb8 {[%emt 0:04:58]} Rd1+ 36. Kh2 {[%emt 0:00:00]} Qd4 {[%emt 0:00:00]} 37. Ne2 Qd7 {[%emt 0:00:00]} 38. Nc3 {[%emt 0:00:11]} Rd4 {[%emt 0:00:00]} 39. Ne4 {[%emt 0:00:01]} Kf8 {[%emt 0:00:00]} 40. Nc5 {[%emt 0:00:00]} Qd6+ {[%emt 0:00:00]} 41. Qxd6+ {[%emt 0:05:39]} Rxd6 {[%emt 0:05:18]} 42. Nb7 {[%emt 0:00:00]} Rb6 {[%emt 0:00:00]} 43. Nxd8 {[%emt 0:00:00]} Ke7 {[%emt 0:00:00]} 44. Rc6 {[%emt 0:00:00]} 1-0

[Event "Cesenatico Open 2019"]
[Site "Cesenatico"]
[Date "2019.09.09"]
[Round "9"]
[White "Cocconcelli, Lorenzo"]
[Black "Friedrich, Norbert"]
[Result "1-0"]
[WhiteElo "2113"]
[BlackElo "2306"]
[Annotator "TA"]
[PlyCount "73"]
[EventDate "2019.09.01"]
[EventType "swiss"]
[EventCountry "ITA"]
[SourceTitle "playchess.com"]
[Source "ChessBase"]
[SourceQuality "1"]

{[%evp 9,73,25,24,22,37,31,42,31,36,30,36,14,18,3,18,6,9,15,9,11,18,0,0,0,0,-9,0,0,15,-7,0,-4,0,0,0,0,30,-4,63,-4,22,7,91,87,89,90,89,82,92,71,349,337,362,352,434,406,536,543,653,666,751,740,751,738,945,939]} 1. d4 d5 2. c4 c6 3. Nf3 Nf6 4. e3 e6 5. b3 Nbd7 (5... c5 6. Bb2 cxd4 7. exd4 dxc4 8. bxc4 Qa5+ 9. Nbd2 Ba3 10. Qc1 Bxb2 11. Qxb2 Nc6 12. Be2 Qb4 13. O-O-O {½-½ (57) Short,N (2698)-Duda,J (2706) Heraklio 2017}) 6. Bb2 {D30: Queen's Gambit Declined: Systems without Nc3} g6 7. Nbd2 Bg7 8. Be2 {White is slightly better.} O-O 9. O-O b6 10. Rc1 Bb7 11. b4 a5 $146 ({Predecessor:} 11... Qe7 12. b5 Rfc8 13. a4 a6 14. Qb3 Bf8 15. Ne5 Nxe5 16. dxe5 {0-1 (33) Drtina,M (2260)-Debnar,L (2270) Topolcianky 1993}) 12. cxd5 exd5 13. b5 c5 14. dxc5 bxc5 15. a4 Re8 16. Re1 Rc8 17. Bc3 Bf8 18. Qb3 Bg7 19. Qd1 Ra8 20. Bb2 Qe7 21. Ba3 Rec8 22. Bf1 Qd8 23. g3 (23. e4 $5) 23... Qb6 (23... c4 $11) 24. Bh3 ({White should try} 24. e4 $14) 24... Rd8 25. Bb2 $36 {[%mdl 2048] White has good play.} Ne4 (25... c4 $1 $11 {remains equal.}) 26. Bxg7 $16 Kxg7 27. Bxd7 {Hoping for Nxe4.} Nxd2 28. Nxd2 Rxd7 29. Ne4 Rc7 $2 {[%mdl 8192] [#]} (29... c4 $16) 30. Nxc5 $1 $18 {[%mdl 512] Black must now prevent Ne6+!} Rac8 (30... Rxc5 31. Qd4+) 31. Qd4+ Kg8 {[%cal Rc7c5]} 32. Nb3 Qd6 33. Rxc7 {White is clearly winning.} Rxc7 34. Nxa5 Bc8 35. b6 {[%cal Bb5b6,Bb6b7][%mdl 32]} Rd7 36. Rc1 Ba6 {[#]} 37. b7 $1 {Accuracy: White = 51%, Black = 28%.} 1-0